000 00616nam 22001933 4500
001 202814
090 _a202814
100 _a20260630d u||y0pory50 ba
200 _aSimone de beauvoir ou l'entreprise de vivre
_fFrancis Jeanson
210 _aParis
_cSeuil
_dimp.1966
215 _a301, [1] p.
_cbrochado
_d21 cm
304 _asuivi de deux entretiens avec Simone de Beauvoir
606 _97660
_aLiteratura Francesa
_xEnsaio
610 _aEm lĂ­ngua Francesa
675 _a821.133.1-4
_vFR
_zfra
700 _917669
_aJeanson
_bFrancis
_f1922-2009
801 _aPT
_bBMMN
_gRPC
830 _cAna Falardo
_fAna Falardo
990 _cLIVROS